|
|
|
|
| LEADER |
00000nab a2200000 a 4500 |
| 001 |
vtls001016307 |
| 003 |
SK-MaSNL |
| 005 |
20260303210318.0 |
| 008 |
040720e20000711xo 0 slo |
| 035 |
|
|
|a SN2257
|
| 040 |
|
|
|a SNSK
|b slo
|c SNSK
|e AACR2
|
| 041 |
0 |
|
|a slo
|
| 044 |
|
|
|a xo
|c SK
|
| 080 |
|
|
|a 788
|2 1981
|
| 080 |
|
|
|a 7.091.4
|2 1981
|
| 100 |
1 |
|
|a Stašík, Eduard
|4 aut
|9 1241853
|
| 245 |
1 |
0 |
|a Dychovú hudbu v Rudňanoch založili pred 65 rokmi
|b Banícke dychovky možno spestria augustové podvečery v Spišskej Novej Vsi
|
| 300 |
|
|
|b 4 foto
|
| 610 |
2 |
7 |
|a Dychová hudba ŽB, Rudňany
|2 SNSK
|9 1029128
|
| 650 |
0 |
7 |
|a hudobné festivaly
|2 SNSK
|9 2958
|
| 650 |
0 |
7 |
|a výročia a významné udalosti
|2 SNSK
|9 16069
|
| 650 |
0 |
7 |
|a informácie
|2 SNSK
|9 1285
|
| 651 |
|
7 |
|a Rudňany (Slovensko)
|2 SNSK
|9 55588
|
| 651 |
|
7 |
|a Spišská Nová Ves (Slovensko)
|2 SNSK
|9 28800
|
| 651 |
|
7 |
|a SN,
|2 SNSK
|9 1021277
|
| 655 |
|
7 |
|a periodikum
|2 snkbucl
|9 29553
|
| 710 |
2 |
|
|a Dychová hudba ŽB, Rudňany
|4 aut
|9 1029128
|
| 773 |
0 |
8 |
|t Banícke slovo, č.3, 11.7.2000, s. 4-5
|
| 852 |
|
|
|a ZVYKNI
|b KIS3GCP
|
| 999 |
|
|
|c 2199744
|d 2201674
|